000 00550nam a2200193Ia 4500
005 20250508154958.0
008 008 250505s9999 xx 000 0 eng d
037 _aTextual
040 _aFEDL
_beng
_cFEDL
041 _aeng
_2eng
084 _a301.24, NEA
_qFEDL
100 _aNeal Sister Marie Augusta
_9766504
245 0 _aValues and interests in social change
260 _aEnglewood Cliffs
_b Prentice-Hall
_c1965
300 _aix,181p.
650 _aSociology
942 _cTEXL
_h301.24, NEA
999 _c1353245
_d1353245